The framing of India's Constitution : (Record no. 46488)
[ view plain ]
| 000 -LEADER | |
|---|---|
| fixed length control field | 00771nam a2200241 a 4500 |
| 001 - CONTROL NUMBER | |
| control field | 46488 |
| 003 - CONTROL NUMBER IDENTIFIER | |
| rucl marc code | BD-RjUL |
| 005 - DATE AND TIME OF LATEST TRANSACTION | |
| control field | 20211209054147.0 |
| 008 - FIXED-LENGTH DATA ELEMENTS--GENERAL INFORMATION | |
| fixed length control field | 131223t1968 ii a b 001 0 eng d |
| 035 ## - SYSTEM CONTROL NUMBER | |
| System control number | (BD-RjUL)46606 |
| 040 ## - CATALOGING SOURCE | |
| Original cataloging agency | DLC |
| Transcribing agency | DLC |
| Modifying agency | EQO |
| -- | BD-RjUL |
| Language of cataloging | eng |
| 041 ## - LANGUAGE CODE | |
| Language code of text/sound track or separate title | eng |
| 082 04 - DEWEY DECIMAL CLASSIFICATION NUMBER | |
| Classification number | 342.5409 |
| Edition number | 23 |
| Author mark and year | SHF 1968 |
| 100 1# - MAIN ENTRY--PERSONAL NAME | |
| Personal name | Shiva Rao, B. |
| 9 (RLIN) | 14912 |
| 245 14 - TITLE STATEMENT | |
| Title | The framing of India's Constitution : |
| Remainder of title | a study / |
| Statement of responsibility, etc. | B. Shiva Rao (editor) |
| 260 ## - PUBLICATION, DISTRIBUTION, ETC. (IMPRINT) | |
| Place of publication, distribution, etc. | New Delhi : |
| Name of publisher, distributor, etc. | Indian Institute of Public Administration, |
| Date of publication, distribution, etc. | c1968. |
| 300 ## - PHYSICAL DESCRIPTION | |
| Pagination | xii, 894 p. : |
| Illustrations | ill. ; |
| Size | 25 cm. |
| 650 #0 - SUBJECT ADDED ENTRY--TOPICAL TERM | |
| Topical term or geographic name as entry element | Constitutional history |
| Geographic subdivision | India |
| Form subdivision | Sources |
| 9 (RLIN) | 14913 |
| Topical term or geographic name as entry element | Constitutional law |
| Geographic subdivision | India |
| 9 (RLIN) | 13751 |
| 700 1# - ADDED ENTRY--PERSONAL NAME | |
| Personal name | Rao, B. Shiva (editor) |
| 942 ## - ADDED ENTRY ELEMENTS (KOHA) | |
| Source of classification or shelving scheme | Dewey Decimal Classification |
| Koha item type | Books |
| Lost status | Source of classification or shelving scheme | Damaged status | Not for loan | Collection code | Permanent Location | Current Location | Shelving location | Date acquired | Source of acquisition | Cost, normal purchase price | Total Checkouts | Full call number | Date last seen | Copy number | Koha item type |
|---|---|---|---|---|---|---|---|---|---|---|---|---|---|---|---|
| Dewey Decimal Classification | Non-fiction | Central Library, University of Rajshahi | Central Library, University of Rajshahi | 23/08/1973 | Waris book center | 466.00 | 342.5409 SHF 1968 | 02/08/2016 | C-2 | Books |